000 00648nam a2200193 i 4500
001 47148
003 ES-MaACL
005 20230906161518.0
007 t|
008 030404s1932 fr ||||1| fre d
245 0 4 _aLes constitutions des nations americaines /
_cpar B. Mirtine-Guebzevitch.
260 _aParis :
_bDelagrave,
_c1932.
300 _aCXLXII, 486 p. ;
_c20 cm.
490 1 _aBibliothéque américaine de l'Institut des Études Américaines
700 1 _aMirtine-Guebzevitch, B.
_981635
830 0 _aBibliothéque américaine de l'Institut des Études Américaines
_9230013
852 _aES-MaACL
_jA-774
999 _c47148
_d47148